| 000 | 01709cam a2200385 a 4500 | ||
|---|---|---|---|
| 001 | 16065023 | ||
| 005 | 20100813151337.0 | ||
| 007 | co |g||||||||| | ||
| 008 | 100122s2010 nyua 001 0 eng | ||
| 010 | _a 2010001041 | ||
| 015 |
_aGBB000302 _2bnb |
||
| 016 | 7 |
_a015452917 _2Uk |
|
| 020 | _a0071700439 (alk. paper) | ||
| 020 | _a9780071700436 | ||
| 035 | _a(OCoLC)ocn495595998 | ||
| 040 |
_aDLC _cDLC _dYDX _dBTCTA _dYDXCP _dGK8 _dUKM _dCDX _dQBX _dPMIPA _dDLC |
||
| 050 | 0 | 0 |
_aHD30.2 _b.P49 2010 |
| 082 | 0 | 0 |
_a658.4038 _222 _bPHI |
| 100 | 1 |
_aPhillips, Joseph. _922528 |
|
| 245 | 1 | 0 |
_aIT Project Management : _bOn Track from Start to Finish / _cJoseph Phillips. |
| 246 | 3 | _aInformation techniology project management | |
| 250 | _a3rd ed. | ||
| 260 |
_aNew York : _bMcGraw-Hill, 2010 _cc2010. |
||
| 300 |
_axxvi, 613 p. : _bill. ; _c24 cm. + _e1 CD-ROM (4 3/4 in.) |
||
| 500 | _aIncludes index. | ||
| 538 | _aSystem requirements: 20MB hard disk space; Windows 2000 or higher; Internet Explorer 6.0, Adobe Acrobat Reader. | ||
| 650 | 0 |
_aInformation technology _xManagement. _922529 |
|
| 650 | 0 |
_aInformation technology projects. _922530 |
|
| 650 | 0 |
_aProject management _xStudy and teaching. _922531 |
|
| 650 | 0 |
_aProject management _xCertification _vStudy guides. _922532 |
|
| 942 |
_2ddc _cBB |
||
| 999 |
_c14999 _d14999 |
||